| 000 | 004400000a22001810004500 | ||
|---|---|---|---|
| 003 | MACL | ||
| 005 | 20151201131157.0 | ||
| 008 | 151201b xxu||||| |||| 00| 0 eng d | ||
| 040 |
_aMACL _cMACL |
||
| 041 | _aEnglish | ||
| 082 | _a741.642 | ||
| 100 |
_aNath, Pratibha _918816 |
||
| 245 |
_aKumar Sambhava _bKalidas |
||
| 260 |
_bS. Chand & Company _c1986 |
||
| 350 | _a7.50 | ||
| 650 |
_aChildren's Book _93410 |
||
| 942 |
_cBK _k741.642 _2ddc |
||
| 999 |
_c5415 _d5415 |
||